000
00219 a2200109 4500
020
_a
9789992459225
041
_a
spa
100
_a
Valle-Castillo, Julio
245
_a
Lienzo del pajaritero
942
_c
BK
999
_c
4349
_d
4349
999
_d
4349